000 00377nam a2200145Ia 4500
008 240624s9999 xx 000 0 und d
041 _aeng
082 _a658.15 BAK
100 _aBAKER H KENT
245 _aCAPITAL STRUCTURE AND CORPORATE FINANCIN
250 _a11
260 _c2011
_aNew Jersey
_bJohn Wiley and Sons
300 _aix, : 492 : p. : cm. ; 26
365 _c
_b27
999 _c17703
_d17703